দ্য বিট্রেয়াল অভ ইস্ট পাকিস্তান / (Record no. 12525)
[ view plain ]
| 000 -LEADER | |
|---|---|
| fixed length control field | 00854nam a2200229 a 4500 |
| 001 - CONTROL NUMBER | |
| JCCL Control Number | 12525 |
| 003 - CONTROL NUMBER IDENTIFIER | |
| JCCL marc code | BD-JhCC |
| 005 - DATE AND TIME OF LATEST TRANSACTION | |
| control field | 20220615090241.0 |
| 008 - FIXED-LENGTH DATA ELEMENTS--GENERAL INFORMATION | |
| fixed length control field | 210222b20172021bg |||| ||a| 000 0 ben d |
| 035 ## - SYSTEM CONTROL NUMBER | |
| system control number | (BD-JhCC)12525 |
| 040 ## - CATALOGING SOURCE | |
| Original cataloging agency | BD-JhCC |
| Modifying agency | BD-JhCC |
| 041 ## - LANGUAGE CODE | |
| Language code of Book | ban |
| 082 ## - DEWEY DECIMAL CLASSIFICATION NUMBER | |
| Classification number | 954.9205 |
| Author mark and Year | NIA 2021 |
| 100 ## - MAIN ENTRY--PERSONAL NAME | |
| Personal name | নিয়াজি,এ.এ.কে. |
| 245 ## - TITLE STATEMENT | |
| Title | দ্য বিট্রেয়াল অভ ইস্ট পাকিস্তান / |
| Statement of responsibility, etc | এ.এ.কে.নিয়াজি, কাজী আখতারউদ্দিন (অনু.) |
| 260 ## - PUBLICATION, DISTRIBUTION, ETC. (IMPRINT) | |
| Place of publication, distribution, etc | ঢাকা : |
| Name of publisher, distributor, etc | অনন্যা, |
| Date of publication, distribution, etc | ২০২১. |
| 300 ## - PHYSICAL DESCRIPTION | |
| Pagination | 382 পৃ. : |
| Dimensions | 22 cm. |
| 650 ## - SUBJECT ADDED ENTRY--TOPICAL TERM | |
| Topical term or geographic name as entry element | বাংলাদেশের মুক্তিযুদ্ধ |
| 700 ## - ADDED ENTRY--PERSONAL NAME | |
| Personal name | আখতারউদ্দিন, কাজী |
| 942 ## - ADDED ENTRY ELEMENTS (KOHA) | |
| Source of classification or shelving scheme | Dewey Decimal Classification |
| Koha item type | Books |
| Source of classification or shelving scheme | Damaged status | Not for loan | Home library | Current library | Shelving location | Date of accession | Cost, normal purchase price | Total Checkouts | Full call number | Barcode | Date last seen | Date checked out | Copy number | Koha item type |
|---|---|---|---|---|---|---|---|---|---|---|---|---|---|---|
| Dewey Decimal Classification | JCC Rouf Library | JCC Rouf Library | General Stacks | 06/14/2022 | 396.00 | 1 | 954.9205 NIA 2021 | 17395 | 04/30/2024 | 06/18/2023 | C-1 | Books |